000 00844nam a2200217 a 4500
003 0
005 20250206100055.0
008 130829s19uu xx 00 eng d
050 _aPGS QR 201.S8
_b.F819 2013
100 _aFrancisco, Jose Inigo C.
245 _aThe effect of Cymbopogon nardus on the growth of Staphylococcus aureus /
_cJose Inigo C. Francisco.
260 _aLas PiƱas City, Philippines :
_bSouthville International School and Colleges,
_c2013.
300 _a29 pages :
_billustrations ;
_c28 cm.
504 _aIncludes bibliographical references.
650 _aCymbopogon nardus.
650 _aStaphylococcus aureus
_vGrowth.
650 _aStaphylococcus aureus
_vEffect of essential oils on.
650 _aAntibacterial agents
_vPlant-derived.
650 _aMedicinal plants
_vAntimicrobial properties.
942 _2lcc
_cPASS
999 _c99015
_d99015